000112205 001__ 112205
000112205 005__ 20220510091957.0
000112205 037__ $$aTAZ-TFM-2022-032
000112205 041__ $$aspa
000112205 1001_ $$aArche Banzo, Paloma
000112205 24200 $$aNew 'Urban Activator', public and collective spaces for coworking and  civic activities.
000112205 24500 $$aNuevo "activador urbano": espacios públicos para coworking y actividades en el bario Oliver.
000112205 260__ $$aZaragoza$$bUniversidad de Zaragoza$$c2022
000112205 506__ $$aby-nc-sa$$bCreative Commons$$c3.0$$uhttp://creativecommons.org/licenses/by-nc-sa/3.0/
000112205 520__ $$aEl proyecto parte del interés de una intervención de regeneración urbana integrada tratando diferentes puntos de la ciudad de Zaragoza en el eje este-oeste. Repensar la ciudad profundizando en situaciones concretas. Estas actuaciones solo pueden entenderse desde una mirada transversal, analizando cada zona desde un punto de vista tanto arquitectónico como socioeconómico. Dentro de este contexto, el barrio Oliver surge sin ningún tipo de planeamiento. Desde su origen, ha sido objeto de actuaciones públicas sobre todo en el ámbito de vivienda. Estas actuaciones han configurado una variopinta tipología de construcciones, que unidas a una falta de planificación han moldeado este espacio urbano. Se trata de diseñar nuevos espacios urbanos continuos, flexibles y accesibles para todos los peatones, y que fomenten e incentiven el área. De esta forma la primera decisión a tener en cuenta viene relacionada con la topografía del lugar. Se genera una plaza pública vinculada a los usos de guardería, cafetería y ludoteca, como una extensión del anillo verde, que se introduce en el propio edificio, unificando de esta manera el acceso al nuevo espacio y al centro cultural 'El Túnel'. Además se resuelven las antiguas escaleras de la calle Barón de Purroy en dos tramos, simplificando de esta manera su anterior geometría y facilitando el acceso a la plaza a través de las mismas. .  Se generan además, dos plazas secundarias o patios que hacen función de antesala, casi como un vestíbulo de acceso a los espacios de oficinas, coworking y biblioteca.<br />
000112205 521__ $$aMáster Universitario en Arquitectura
000112205 540__ $$aDerechos regulados por licencia Creative Commons
000112205 700__ $$aBambó Naya, Raimundo$$edir.
000112205 700__ $$aDean Álvarez-Castellanos, Alejandro$$edir.
000112205 7102_ $$aUniversidad de Zaragoza$$bUnidad Predepartamental de Arquitectura$$cProyectos Arquitectónicos
000112205 8560_ $$f706251@unizar.es
000112205 8564_ $$s27987322$$uhttps://zaguan.unizar.es/record/112205/files/TAZ-TFM-2022-032.pdf$$yMemoria (spa)
000112205 8564_ $$s93781197$$uhttps://zaguan.unizar.es/record/112205/files/TAZ-TFM-2022-032_ANE.pdf$$yAnexos (spa)
000112205 909CO $$ooai:zaguan.unizar.es:112205$$pdriver$$ptrabajos-fin-master
000112205 950__ $$a
000112205 951__ $$adeposita:2022-05-10
000112205 980__ $$aTAZ$$bTFM$$cEINA
000112205 999__ $$a20220128194850.CREATION_DATE